Nursing management
| Previous Title: | Supervisor nurse Recruitment, retention & restucturing report |
|---|---|
| Format: | Electronic Journal |
| Language: | English |
| Published: |
[Chicago, Ill.] :
[S-N Publications]
Springhouse, PA : Springhouse Corp. Philadelphia, PA : Lippincott Williams & Wilkins |
| Subjects: | |
| Online Access: | Full text available from Research Library: 02/01/1993 to 12/31/2004 |
MARC
| LEADER | 00000nas a2200000 a 4500 | ||
|---|---|---|---|
| 001 | ssj0000965 | ||
| 003 | WaSeSS | ||
| 005 | 20200512172242.0 | ||
| 006 | m d | ||
| 007 | cr n | ||
| 008 | 980619c19819999ilumr pss 0 a0eng c | ||
| 010 | |a 2002212603 | ||
| 015 | |a GBB575896 |2 bnb | ||
| 016 | 7 | |a 016288865 |2 Uk | |
| 022 | |a 1538-8670 |l 0744-6314 |y 0744-6314 | ||
| 035 | |a (WaSeSS)ssj0000965 | ||
| 037 | |b Lippincott Williams & Wilkins, 16522 Hunters Green Pkwy., Hagerstown, MD 21740 | ||
| 040 | |a FQM |b eng |c FQM |d OCLCQ |d NSD |d OCLCQ |d CDS |d BUF |d OCLCS |d AZU |d FJM |d FFQ |d OCLCQ |d MYG |d OCLCQ |d OCLCO |d OCLCQ |d OCLCO |d OCLCF |d OCLCO |d OCLCQ |d TSC |d OCLCO |d Z5A |d OCLCO |d WT2 |d OCLCQ |d NLE |d OCLCO |d U3W |d OCLCO |d TOF |d OCLCQ |d OCLCO |d AU@ |d OCLCO |d WYU |d UKMGB |d OCLCO |d VT2 |d OCLCO |d LEAUB |d OCLCO |d OCLCQ |d OCLCO |d WaSeSS | ||
| 042 | |a nsdp |a pcc | ||
| 050 | 4 | |a RT89 | |
| 060 | 4 | |a W1 |b NU641N | |
| 082 | 1 | 0 | |a 610.7 |2 13 |
| 130 | 0 | |a Nursing management (Online) | |
| 210 | 0 | |a Nurs. manag. |b (Online) | |
| 222 | 0 | |a Nursing management |b (Online) | |
| 245 | 1 | 0 | |a Nursing management |h [electronic resource]. |
| 260 | |3 Sept. 1981- : |a [Chicago, Ill.] : |b [S-N Publications] | ||
| 260 | 2 | |3 <Feb. 1999-> : |a Springhouse, PA : |b Springhouse Corp. | |
| 260 | 3 | |3 <Oct. 2003-> : |a Philadelphia, PA : |b Lippincott Williams & Wilkins | |
| 310 | |a Monthly | ||
| 362 | 1 | |a Print began with v. 12, no. 9 (Sept. 1981). | |
| 506 | |a License restrictions may limit access. | ||
| 521 | |a Nursing. | ||
| 525 | |a Accompanying supplements also have distinctive titles. | ||
| 538 | |a Mode of access: World Wide Web. | ||
| 580 | |a Beginning with Feb. 1999 issue absorbed: Recruitment, retention & restructuring report, to be included quarterly. | ||
| 588 | 0 | |a Print version record. | |
| 588 | 1 | |a Vol. 40, issue 11 (Nov. 2009) (publisher's Web site, viewed Dec. 2, 2009). | |
| 650 | 0 | |a Nursing services |x Administration |v Periodicals. | |
| 650 | 0 | |a Nursing |v Periodicals. | |
| 650 | 2 | |a Nursing, Supervisory |x organization & administration. | |
| 650 | 2 | |a Nursing. | |
| 650 | 7 | |a Nursing. |2 fast |0 (OCoLC)fst01041731 | |
| 650 | 7 | |a Nursing services |x Administration. |2 fast |0 (OCoLC)fst01042111 | |
| 650 | 1 | 7 | |a Verpleegkunde. |2 gtt |
| 650 | 1 | 7 | |a Management. |2 gtt |
| 655 | 0 | |a Electronic journals. | |
| 776 | 0 | 8 | |i Print version: |t Nursing management |x 0744-6314 |w (DLC)sc 83009037 |w (OCoLC)7831317 |
| 780 | 0 | 0 | |t Supervisor nurse |w (DLC) 2011242023 |w (OCoLC)220951823 |
| 780 | 0 | 5 | |t Recruitment, retention & restucturing report |g Feb. 1999 |
| 856 | 4 | 0 | |z Full text available from Research Library: 02/01/1993 to 12/31/2004 |u https://search.proquest.com/publication/35336 |